Munkaerő-piaci Európai Uniós Programok az Egri Járási Hivatal Foglalkoztatási Osztály keretein belül

Bibliográfiai részletek
Szerző: Török Zsuzsanna
További közreműködők: Hegedűs Dr. Szilárd
Cetner- Szabó Éva
Dokumentumtípus: Projektmunka
Kulcsszavak:Európai Unió
Munkaerő-piac
Kormányhivatal
Ifjúsági Garanciaprogram
Online Access:http://dolgozattar.uni-bge.hu/21050

MARC

LEADER 00000nnm a2200000 i 4500
001 dolg21050
005 20190513090259.0
008 190513suuuu hu o 000 hun d
040 |a BGE Dolgozattár Repozitórium  |b hun 
041 |a hu 
100 1 |a Török Zsuzsanna 
245 1 0 |a Munkaerő-piaci Európai Uniós Programok az Egri Járási Hivatal Foglalkoztatási Osztály keretein belül  |c Török Zsuzsanna  |h [elektronikus dokumentum] 
516 |a Project_work 
695 |a Európai Unió 
695 |a Munkaerő-piac 
695 |a Kormányhivatal 
695 |a Ifjúsági Garanciaprogram 
700 1 |a Hegedűs Dr. Szilárd  |e ths 
700 1 |a Cetner- Szabó Éva  |e ths 
856 4 0 |u http://dolgozattar.uni-bge.hu/21050/1/T%C3%B6r%C3%B6k%20Zsuzsanna_Z%C3%A1r%C3%B3dolgozat.pdf  |z Dokumentum-elérés 
856 4 0 |u http://dolgozattar.uni-bge.hu/21050/2/Titkos%C3%ADt%C3%A1si%20k%C3%A9relem_T%C3%B6r%C3%B6k%20Zsuzsanna.pdf  |z Dokumentum-elérés